<?xml version="1.0" encoding="UTF-8"?>
<record
    xmlns:xsi="http://www.w3.org/2001/XMLSchema-instance"
    xsi:schemaLocation="http://www.loc.gov/MARC21/slim http://www.loc.gov/standards/marcxml/schema/MARC21slim.xsd"
    xmlns="http://www.loc.gov/MARC21/slim">

  <leader>01971njm a2200385Ia 4500</leader>
  <controlfield tag="001">83624</controlfield>
  <controlfield tag="003">IT-RoPAU</controlfield>
  <controlfield tag="005">20220918181139.0</controlfield>
  <controlfield tag="008">131025s9999    xx            000 0 und d</controlfield>
  <datafield tag="040" ind1=" " ind2=" ">
    <subfield code="a">IT-RoPAU</subfield>
  </datafield>
  <datafield tag="040" ind1=" " ind2=" ">
    <subfield code="c">IT-RoPAU</subfield>
  </datafield>
  <datafield tag="041" ind1=" " ind2=" ">
    <subfield code="a">ITALIANO</subfield>
  </datafield>
  <datafield tag="999" ind1=" " ind2=" ">
    <subfield code="c">101152</subfield>
    <subfield code="d">101152</subfield>
  </datafield>
  <datafield tag="999" ind1=" " ind2=" ">
    <subfield code="b">n.d.</subfield>
  </datafield>
  <datafield tag="100" ind1=" " ind2=" ">
    <subfield code="a">AA.VV.</subfield>
    <subfield code="9">794</subfield>
  </datafield>
  <datafield tag="100" ind1=" " ind2=" ">
    <subfield code="e">Autore musica</subfield>
    <subfield code="9">26298</subfield>
  </datafield>
  <datafield tag="100" ind1=" " ind2=" ">
    <subfield code="g">Codice autore musica SPICS: 12000</subfield>
    <subfield code="9">796</subfield>
  </datafield>
  <datafield tag="245" ind1=" " ind2=" ">
    <subfield code="a">Di terra e vento</subfield>
  </datafield>
  <datafield tag="250" ind1=" " ind2=" ">
    <subfield code="a">1a ed.</subfield>
  </datafield>
  <datafield tag="260" ind1=" " ind2=" ">
    <subfield code="a">MILANO</subfield>
  </datafield>
  <datafield tag="260" ind1=" " ind2=" ">
    <subfield code="b">CBS ITALIANA</subfield>
    <subfield code="c">1989 [1a Ed.:1989 - Ed. Lingua Orig.: 1989]</subfield>
  </datafield>
  <datafield tag="300" ind1=" " ind2=" ">
    <subfield code="a">DISCO</subfield>
  </datafield>
  <datafield tag="300" ind1=" " ind2=" ">
    <subfield code="c">42 minuti (Testo: 0 pag.)</subfield>
  </datafield>
  <datafield tag="500" ind1=" " ind2=" ">
    <subfield code="a">Musica leggera. Canzone italiana.</subfield>
  </datafield>
  <datafield tag="505" ind1=" " ind2=" ">
    <subfield code="a">Le canzoni (6:00) - Gli amanti  (4:00) - Ascolta l'infinito (6:00) - Lunaspina (500) - Baia senza vento (5:00) - Oh che sar&#xE0; [(O que ser&#xE0;) (4:00)] - Cuore di cane (7:00) - La giostra della memoria (5:00)</subfield>
  </datafield>
  <datafield tag="650" ind1=" " ind2=" ">
    <subfield code="a">CANZONE ITALIAN [DISCHI]</subfield>
    <subfield code="e">Codice MATERIA SPICS: 9950</subfield>
    <subfield code="9">26299</subfield>
  </datafield>
  <datafield tag="700" ind1=" " ind2=" ">
    <subfield code="a">Mannoia Fiorella</subfield>
    <subfield code="g">Codice interprete SPICS: 14287</subfield>
    <subfield code="e">Interprete</subfield>
    <subfield code="9">26300</subfield>
  </datafield>
  <datafield tag="700" ind1=" " ind2=" ">
    <subfield code="a">Fabrizi Piero</subfield>
    <subfield code="g">Codice autore musica SPICS: 23584</subfield>
    <subfield code="e">Autore musica</subfield>
    <subfield code="p">Le canzoni - Ascolta l'infinito</subfield>
    <subfield code="9">26302</subfield>
  </datafield>
  <datafield tag="700" ind1=" " ind2=" ">
    <subfield code="a">Ruggeri Enrico</subfield>
    <subfield code="g">Codice autore testo/musica SPICS: 9765</subfield>
    <subfield code="e">Autore testo/musica</subfield>
    <subfield code="p">Le canzoni - Gli amanti - Ascolta l'infinito - La giostra della memoria</subfield>
    <subfield code="9">26303</subfield>
  </datafield>
  <datafield tag="700" ind1=" " ind2=" ">
    <subfield code="a">Cocciante Riccardo</subfield>
    <subfield code="g">Codice autore musica SPICS: 10831</subfield>
    <subfield code="e">Autore musica</subfield>
    <subfield code="p">Gli amanti</subfield>
    <subfield code="9">26304</subfield>
  </datafield>
  <datafield tag="700" ind1=" " ind2=" ">
    <subfield code="a">Fossati Ivano</subfield>
    <subfield code="g">Codice autore testo/musica SPICS: 10192</subfield>
    <subfield code="e">Autore testo/musica</subfield>
    <subfield code="p">Lunaspina - Baia senza vento - Oh che sar&#xE0; (O que ser&#xE0;)</subfield>
    <subfield code="9">26305</subfield>
  </datafield>
  <datafield tag="700" ind1=" " ind2=" ">
    <subfield code="a">Buarque Chico</subfield>
    <subfield code="g">Codice autore musica SPICS: 28322</subfield>
    <subfield code="e">Autore musica</subfield>
    <subfield code="p">Oh che sar&#xE0; (O que ser&#xE0;)</subfield>
    <subfield code="9">26306</subfield>
  </datafield>
  <datafield tag="700" ind1=" " ind2=" ">
    <subfield code="a">De Gregori Francesco</subfield>
    <subfield code="g">Codice autore testo/musica SPICS: 1251</subfield>
    <subfield code="e">Autore testo/musica</subfield>
    <subfield code="p">Cuore di cane</subfield>
    <subfield code="9">26307</subfield>
  </datafield>
  <datafield tag="700" ind1=" " ind2=" ">
    <subfield code="a">Schiavone Luigi</subfield>
    <subfield code="g">Codice autore musica SPICS: 16489</subfield>
    <subfield code="e">Autore musica</subfield>
    <subfield code="p">La giostra della memoria</subfield>
    <subfield code="9">26308</subfield>
  </datafield>
  <datafield tag="942" ind1=" " ind2=" ">
    <subfield code="c">MD</subfield>
    <subfield code="2">ddc</subfield>
  </datafield>
  <datafield tag="952" ind1=" " ind2=" ">
    <subfield code="0">0</subfield>
    <subfield code="1">0</subfield>
    <subfield code="4">0</subfield>
    <subfield code="6">83624_000000000000000</subfield>
    <subfield code="7">1</subfield>
    <subfield code="a">SPICS</subfield>
    <subfield code="b">SPICS</subfield>
    <subfield code="d">2013-10-25</subfield>
    <subfield code="l">0</subfield>
    <subfield code="o">83624</subfield>
    <subfield code="r">2013-10-25 00:00:00</subfield>
    <subfield code="w">2013-10-25</subfield>
    <subfield code="y">MD</subfield>
    <subfield code="z">Progr. Ins.: 21069 / N.Vol.: 1 / Copie: 1 - Copia rara: n.d. / date import: 01.01.2014 - By Epidotti, Trombetti, Vaglietti</subfield>
  </datafield>
</record>
